000
00204nam a22000977a 4500
003
SGT
245
_a
THE AMERICAN JOURNAL OF PUBLIC HEALTH
260
_b
APHA AMERICA
_c
2012
300
_a
748
942
_2
ddc
_c
BV
999
_c
18902
_d
18902